You are you : Lindsay Morris /

Bibliographic Details
Main Author: Morris, Lindsay
Corporate Author: Rayko Gallery (San Francisco, Calif.)
Other Authors: Boylan, Jennifer Finney, 1958-, Redel, Victoria, Spack, Norman
Format: Book
Language:English
Published: Heidelberg : Kehrer, [2015]
Subjects:

MARC

Tag First Indicator Second Indicator Subfields
LEADER 00000cam a2200000Ia 4500
001 in00003529913
005 20151105213250.0
008 150403t20152015gw a bc 000 0 eng d
020 |a 9783868285406 (hd.bd.) 
020 |a 3868285407 (hd.bd.) 
035 |a (OCoLC)ocn906681209 
040 |a OHX  |e rda  |c OHX  |d JPG  |d YDX  |d ZCU  |d UtOrBLW 
049 |a TXAM 
050 4 |a TR647  |b .M67 2015 
100 1 |a Morris, Lindsay. 
245 1 0 |a You are you :  |b Lindsay Morris /  |c [texts, Jennifer Finney Boylan, Victoria Redel, Norman Spack]. 
264 1 |a Heidelberg :  |b Kehrer,  |c [2015] 
264 4 |c ©2015 
300 |a 1 volume (unpaged) :  |b chiefly color illustrations ;  |c 29 x 29 cm. 
336 |a text  |b txt  |2 rdacontent 
337 |a unmediated  |b n  |2 rdamedia 
338 |a volume  |b nc  |2 rdacarrier 
500 |a Exhibition catalog. 
500 |a On the occasion of an exhibition held at Rayko Gallery, San Francisco, June 25-July 21, 2015. 
504 |a Includes bibliographical references. 
600 1 0 |a Morris, Lindsay  |v Exhibitions. 
650 0 |a Photography, Artistic  |y 21st century  |v Exhibitions. 
700 1 |a Boylan, Jennifer Finney,  |d 1958- 
700 1 |a Redel, Victoria. 
700 1 |a Spack, Norman. 
710 2 |a Rayko Gallery (San Francisco, Calif.) 
945 |a PromptCat  |b 226324 
946 |a stk 
947 |a A14842872716 
948 |a cataloged  |b h  |c 2015/6/29  |d c  |e dmitchel  |f 12:12:12 pm 
994 |a 92  |b TXA 
999 |a MARS 
999 f f |s a0e5789d-e9ce-3290-b59c-da92991ecb7a  |i 9b31322c-5d23-3330-a027-062708943959  |t 0 
952 f f |p normal  |a Texas A&M University  |b College Station  |c Sterling C. Evans Library  |d Evans: Library Stacks  |t 0  |e TR647 .M67 2015  |h Library of Congress classification  |i unmediated -- volume  |m A14842872716 
998 f f |a TR647 .M67 2015  |t 0  |l Evans: Library Stacks